Sistemas y análisis de la información geográfica: manual de autoaprendizaje con ArcGIS (Registro nro. 2145)

Detalles MARC
000 -CABECERA
campo de control de longitud fija 01081aam a2200337 4500
005 - FECHA Y HORA DE ACTUALIZACIÓN
campo de control 20220830101652.0
008 - LONGITUD FIJA
campo de control de longitud fija 150320b xxu||||| |||| 00| 0 spa d
041 ## - IDIOMA
Código de idioma del texto/pista de sonido o título separado
082 ## - CLASIFICACIÓN DECIMAL DEWEY
Número de clasificación 005.74 M843s
100 ## - AUTOR PERSONAL
Nombre de persona Moreno Jiménez, Antonio
245 ## - TÍTULO PROPIAMENTE DICHO
Título Sistemas y análisis de la información geográfica: manual de autoaprendizaje con ArcGIS
260 ## - PIE DE IMPRENTA
Lugar de publicación, distribución, etc. México
Nombre del editor, distribuidor, etc. Alfaomega
Fecha de publicación, distribución, etc. 2006
300 ## - DESCRIPCIÓN FÍSICA
Extensión 895 páginas
505 ## - Nota de Contenido
Nota de contenido Contiene disco compacto N° 442
650 ## - Materia General
Materia general SISTEMAS DE INFORMACIÓN
650 ## - Materia General
Materia general ARCGIS
650 ## - Materia General
Materia general INFORMACIÓN GEOFRÁFICA
650 ## - Materia General
Materia general ARCCATALOG
650 ## - Materia General
Materia general INFORMACIÓN CARTOGRÁFICA
650 ## - Materia General
Materia general METADATOS
650 ## - Materia General
Materia general ARCMAP
650 ## - Materia General
Materia general DATOS GEOGRÁFICOS
650 ## - Materia General
Materia general GESTIÓN DE DOCUMENTOS CARTOGRÁFICOS
650 ## - Materia General
Materia general ELABORACIÓN DE MAPAS
650 ## - Materia General
Materia general CARTOGRAFÍA DIGITAL
650 ## - Materia General
Materia general BASES DE DATOS
650 ## - Materia General
Materia general REDES
650 ## - Materia General
Materia general SIG
650 ## - Materia General
Materia general ANÁLISIS GEOESTADISTICO
942 ## - Punto de Acceso Adicional Koha
Tipo de ítem Koha Libro
Existencias
Estado perdido Estado dañado No para préstamo Biblioteca permanente Biblioteca actual Signatura completa Código de barras Precio efectivo a partir del Tipo de ítem
      Departamento de Biblioteca y Documentación Alfonso Chase Brenes Departamento de Biblioteca y Documentación Alfonso Chase Brenes 005.74 M843s 12882 06/09/2016 Libro
      Departamento de Biblioteca y Documentación Alfonso Chase Brenes Departamento de Biblioteca y Documentación Alfonso Chase Brenes 005.74 M843s 442DC 17/10/2019 Disco Compacto